[Event "Sheffield op"]
[Site "Sheffield"]
[Date "2024.04.12"]
[Round "4"]
[White "Britton, Richard"]
[Black "Sasikumar, Srivathsan"]
[Result "0-1"]
[WhiteElo "2097"]
[BlackElo "1881"]
[PlyCount "60"]
[EventDate "2024.04.10"]
[EventType "swiss"]
[EventRounds "9"]
[EventCountry "ENG"]
[SourceTitle "CB16_2024"]
[SourceDate "2024.04.17"]
[SourceVersion "1"]
[SourceVersionDate "2024.04.17"]
[SourceQuality "1"]

1. e4 c5 2. Nf3 Nc6 3. d3 d6 4. g3 g6 5. Bg2 Bg7 6. 0-0 Nf6 7. Re1 0-0 8. c3 e6 9. d4 cxd4 10. cxd4 Ne7 11. Nc3 Bd7 12. Bf4 Bc6 13. Qd2 b5 14. b4 a5 15. Rab1 axb4 16. Rxb4 Qd7 17. Bh6 Rfc8 18. Bxg7 Kxg7 19. d5 exd5 20. exd5 Nexd5 21. Nxd5 Bxd5 22. Rf4 Be6 23. Qb2 Qe7 24. Nd4 Ra6 25. Bb7 Qxb7 26. Nxe6+ fxe6 27. Qxf6+ Kg8 28. Qxe6+ Kg7 29. Qf6+ Kg8 30. Re7 Rc1+ 0-1

[Event "Peterborough 4NCL Easter op-A"]
[Site "Peterborough"]
[Date "2024.03.31"]
[Round "5"]
[White "Turner, Lewis A"]
[Black "Sasikumar, Srivathsan"]
[Result "1-0"]
[WhiteElo "1927"]
[BlackElo "1881"]
[PlyCount "77"]
[EventDate "2024.03.29"]
[EventType "swiss"]
[EventRounds "7"]
[EventCountry "ENG"]
[SourceTitle "CB14_2024"]
[SourceDate "2024.04.01"]
[SourceVersion "1"]
[SourceVersionDate "2024.04.01"]
[SourceQuality "1"]

1. e4 c5 2. Nf3 Nc6 3. Bb5 e6 4. 0-0 Nge7 5. Re1 a6 6. Bf1 Nd4 7. c3 Nxf3+ 8. Qxf3 Ng6 9. d4 Be7 10. Be3 d6 11. Nd2 0-0 12. Bd3 Bd7 13. Qe2 b5 14. f4 f5 15. e5 dxe5 16. dxe5 Qc7 17. a4 Rab8 18. axb5 axb5 19. c4 b4 20. Nb3 Rfc8 21. g3 Ra8 22. Rxa8 Rxa8 23. Qf2 Rc8 24. Ra1 Bc6 25. Bxc5 Bb7 26. Be3 Qc6 27. Kf1 Rd8 28. Be2 Qe4 29. Nd4 Bc5 30. Rd1 Ne7 31. Bf3 Qxf3 32. Nxf3 Rxd1+ 33. Ke2 Rc1 34. Bxc5 Rc2+ 35. Nd2 Nc6 36. b3 Na5 37. Bxb4 Nxb3 38. Qb6 Be4 39. Qxe6+ 1-0

[Event "Cambridge op 2nd"]
[Site "Cambridge"]
[Date "2024.02.21"]
[Round "5"]
[White "Sasikumar, Srivathsan"]
[Black "Lazarus, Simon E"]
[Result "0-1"]
[WhiteElo "1719"]
[BlackElo "1845"]
[PlyCount "148"]
[EventDate "2024.02.19"]
[EventType "swiss"]
[EventRounds "9"]
[EventCountry "ENG"]
[SourceTitle "CB09_2024"]
[SourceDate "2024.02.28"]
[SourceVersion "1"]
[SourceVersionDate "2024.02.28"]
[SourceQuality "1"]

1. e4 c5 2. Nf3 Nc6 3. d4 cxd4 4. Nxd4 Nf6 5. Nc3 e5 6. Ndb5 d6 7. Nd5 Nxd5 8. exd5 Nb8 9. a4 Be7 10. Be2 0-0 11. 0-0 f5 12. b4 Nd7 13. Bb2 a6 14. Na3 f4 15. Nc4 Rf6 16. Nd2 Rh6 17. Bg4 Nf6 18. Bxc8 Qxc8 19. Rc1 Nxd5 20. c3 Nf6 21. Qe2 Qe6 22. c4 Rd8 23. Ne4 Qf5 24. Nxf6+ Bxf6 25. Rfd1 e4 26. Bxf6 f3 27. Qe3 Rxf6 28. Rd5 Qe6 29. Rg5 h6 30. Rg3 fxg2 31. Rxg2 d5 32. Rd1 Rg6 33. Rg3 Rxg3+ 34. hxg3 Qg4 35. Rd4 Qf3 36. Qd2 Re8 37. Rxd5 e3 38. fxe3 Qxg3+ 39. Qg2 Qxe3+ 40. Qf2 Qc1+ 41. Kg2 Qxc4 42. Rd4 Qc6+ 43. Kh2 Qxa4 44. Qg2 Qb5 45. Re4 Qh5+ 46. Kg1 Qd1+ 47. Kh2 Qd6+ 48. Kg1 Rxe4 49. Qxe4 Qd1+ 50. Kh2 Qd7 51. Qc4+ Qf7 52. Qc8+ Kh7 53. Qc2+ g6 54. Qe4 h5 55. Kg3 Kh6 56. Qe3+ g5 57. Qb6+ Kh7 58. Qc5 Qf4+ 59. Kg2 Qe4+ 60. Kh2 Kg6 61. Qd6+ Kf5 62. Qd7+ Kf4 63. Qf7+ Ke3 64. Qb3+ Kd4 65. Qb2+ Kc4 66. Qa2+ Kxb4 67. Qb2+ Ka5 68. Qa3+ Kb6 69. Qd6+ Qc6 70. Qb4+ Ka7 71. Qd4+ Qb6 72. Qe5 Qf2+ 73. Kh1 Qf1+ 74. Kh2 Qf4+ 0-1